| 000 | 01302nam a22003017a 4500 | ||
|---|---|---|---|
| 003 | PE SENCICO BE | ||
| 005 | 20251020182707.0 | ||
| 008 | 240227b |||||||| |||| 00| 0 eng d | ||
| 040 |
_aPE SENCICO BE _cPE SENCICO BE |
||
| 041 | _aspa | ||
| 084 |
_aI _aDIS _a2012 _bG26 |
||
| 100 | 1 |
_91991 _aGarcía Ríos, Jesús Mary Julie _eautor |
|
| 245 | 1 |
_aPropuesta de proyecto de diseño interior de departamento de soltero / _cJesús Mary Julie García Ríos |
|
| 246 | _aProceso de diseño interior en vivienda | ||
| 260 |
_aLima : _c2012 |
||
| 300 |
_a[50] h. : _bil. col., plns. ; _c30 x 40 cm. |
||
| 500 | _aEl texto contiene planos: 30 x 40 cm. | ||
| 500 | _aEn la cubierta: Proceso de diseño interior en vivienda | ||
| 502 | _aMonografía de Titulación.-- Servicio Nacional de Capacitación para la Industria de la Construcción. Escuela Superior Técnica. Carrera Profesional Técnica en Diseño de Interiores, 2012 | ||
| 650 | 1 | 0 |
_944 _aDiseño de interiores |
| 650 | 2 | 0 |
_9199 _aDistribución de espacios (viviendas) |
| 650 | 2 | 0 |
_977 _aViviendas |
| 650 | 2 | 0 |
_9370 _aArquitectura de viviendas |
| 650 | 2 | 0 |
_9615 _aPlanos |
| 710 | 1 |
_aServicio Nacional de Capacitación para la Industria de la Construcción. _bEscuela Superior Técnica _91065 |
|
| 910 |
_bhfp _chfp |
||
| 942 |
_cMON _2ddc |
||
| 999 |
_c4969 _d4969 |
||